000 00434nam a2200181Ia 4500
005 20250508153059.0
008 008 250505s9999 xx 000 0 eng d
037 _aReference
040 _aFEDL
_beng
_cFEDL
041 _aeng
_2eng
084 _a150, SIV
_qFEDL
100 _aSivanandaji
_9763135
245 0 _aEducation
260 _c1945
300 _a96p.
942 _cREF
_h150, SIV
999 _c1340588
_d1340588